00427 2200169 4500001002100000008004100021035002000062245003300082100002300115260002800138300002400166020002200190084001400212082000800226650000800234990001500242INLIS000000000003304 ind  a0010-1225000125 aLautpediacChristina Wilsdon aWilsdon, Christina aJakartabGramediac2023 a272 hlmc21 x 26 cm a978-602-424-427-9 a590 CHI l a590 aIPA a19780/B/26